Rozvoj služieb cestovného ruchu rozvoj spolupráce ČSSR s krajinami RVHP pri zabezpečovaní základných doplnkových služieb cestovného ruchu

Salvato in:
Dettagli Bibliografici
Natura: Libro
Lingua:slovacco
Pubblicazione: Banská Bystrica VŠE 1984
Tags: Aggiungi Tag
Nessun Tag, puoi essere il primo ad aggiungerne!!

MARC

LEADER 00000nam a2200000 4500
001 c109840
005 20260325111801.0
041 0 |a slo 
044 |a SK 
245 1 0 |a Rozvoj služieb cestovného ruchu  |b rozvoj spolupráce ČSSR s krajinami RVHP pri zabezpečovaní základných doplnkových služieb cestovného ruchu 
264 1 |a Banská Bystrica  |b VŠE  |c 1984 
300 |a 67 s.